000 00483nam a22001457a 4500
008 150605b xxu||||| |||| 00| 0 eng d
050 _aLB 2900 .N96 2007
100 _aNyongesa,Barasa J M.
_d2007
245 _aEducational organization & management/
_cNyongesa,Barasa J M.
260 _aNairobi,Kenya:
_bJKF,
_c2007.
300 _axiv,203p.
_bindex
440 _aEducational organization & management/
650 _aeducation
942 _2lcc
_cBOOKS
_hLB 2900 .N96 2007
_09
999 _c1674
_d1674